|
|
|
|
| LEADER |
01725njm a2200409 a 4500 |
| 001 |
001102076 |
| 003 |
CZ BrMZK |
| 005 |
20120131131118.0 |
| 007 |
sd fsngnnmmned |
| 008 |
100617s2010 xr ppn g zxx d |
| 024 |
0 |
|
|a FN 294
|
| 028 |
0 |
1 |
|a CZ-A61-10-294-00
|b Zdeněk Nedvěd - Studio Fontana
|
| 040 |
|
|
|a BOA001
|b cze
|
| 072 |
|
7 |
|a 78.03
|x Vývojová období v dějinách hudby
|2 Konspekt
|9 9
|
| 080 |
|
|
|a 78.03.011.26
|2 MRF
|
| 080 |
|
|
|a (086.76)
|2 MRF
|
| 100 |
1 |
|
|a Hrubeš, Pavel,
|d 1957-
|7 jx20040625013
|4 cmp
|4 itr
|
| 245 |
1 |
0 |
|a Minimal piano
|h [zvukový záznam] :
|b [solo piano in dreamy, emotive and abstract moods]
|
| 260 |
|
|
|a [Praha] :
|b Zdeněk Nedvěd - Studio Fontana,
|c p2010
|
| 300 |
|
|
|a 1 zvuková deska :
|b digital ;
|c 12 cm
|
| 490 |
1 |
|
|a Fontana Music Library
|
| 500 |
|
|
|a Kompaktní deska (DDD)
|
| 500 |
|
|
|a Podnázev z pouzdra
|
| 500 |
|
|
|a Hudba Pavel Hrubeš
|
| 505 |
0 |
0 |
|t From there --
|t Flattery --
|t Angel --
|t Atmos -
|t First dawn --
|t Tricky --
|t Prim --
|t Extract 1 --
|t Paradoxy 1 --
|t Paradoxy 2 --
|t Paradoxy 3 --
|t Paradoxy 4 --
|t Paradoxy 4 --
|t Hectic --
|t Peek --
|t Hands --
|t Vize --
|t Lock --
|t Zany --
|t Animato 1 --
|t Declaiming III - Pathetic
|
| 508 |
|
|
|a Producent Zdeněk Nedvěd
|
| 511 |
0 |
|
|a Pavel Hrubeš
|
| 518 |
|
|
|a Nahráno ve studiu Fontana, Sudovice
|
| 650 |
0 |
7 |
|a populární hudba
|7 ph124352
|y 2001-2010
|2 czenas
|
| 650 |
0 |
4 |
|a populární hudba (klavír)
|
| 655 |
|
7 |
|a kompaktní desky
|7 fd201991
|2 czenas
|
| 700 |
1 |
|
|a Nedvěd, Zdeněk
|7 jx20051010013
|4 pro
|
| 830 |
|
0 |
|a Fontana music library
|
| 910 |
|
|
|a BOA001
|b CDR-1236.838
|
| 990 |
|
|
|a AV
|
| 991 |
|
|
|b 201008
|
| 996 |
6 |
|
|b 2610441412
|c CDR-1236.838
|l MZK
|r Sklad / do 24 hodin
|n 0
|p p.v.
|w 001129700
|u 000010
|a 1
|e BOA001
|j MZK50
|s P
|